[Event "1st Archibald 2019"]
[Site "Sochi"]
[Date "2019.05.17"]
[Round "7.14"]
[White "Mikhailovsky, Vladimir"]
[Black "Gritsayeva, Oksana"]
[Result "1/2-1/2"]
[WhiteElo "2180"]
[BlackElo "2383"]
[Annotator "TA"]
[PlyCount "126"]
[EventDate "2019.05.12"]
[EventType "swiss"]
[EventCountry "RUS"]
[SourceTitle "playchess.com"]
[Source "ChessBase"]
[SourceQuality "1"]

{[%evp 22,125,31,8,28,-14,22,32,65,-10,-1,0,0,-6,0,-11,63,0,35,22,40,-7,2,5,8,0,0,0,0,-14,79,15,19,0,0,-48,61,52,48,58,55,50,77,51,52,37,43,0,53,47,46,18,84,0,85,45,156,47,40,-50,-50,-50,-50,-191,-54,-84,0,0,0,0,14,-66,-27,-29,-22,-22,-16,-25,0,-10,8,8,22,-339,0,0,0,0,0,0,0,0,0,0,0,0,0,0,0,0,0,0,0,0,0,0]} 1. Nf3 Nf6 2. c4 c5 3. Nc3 e6 4. g3 b6 5. Bg2 Bb7 6. O-O Be7 7. d4 cxd4 8. Qxd4 d6 9. b3 O-O 10. Bb2 a6 11. Rfd1 Nbd7 12. h3 Qc7 {A30: Symmetrical English: Double Fianchetto and Hedgehog} 13. g4 Rfd8 14. g5 Ne8 {[#] White is slightly better.} 15. Ne4 $146 (15. h4 $14) ({Predecessor:} 15. Qg4 Nc5 16. h4 Bf8 17. h5 f5 18. Qh3 Qe7 19. Qg3 Rab8 20. Nd4 {1-0 (42) Bartel,M (2619)-Sukandar,I (2365) Biel 2013}) 15... Rac8 16. h4 b5 17. cxb5 axb5 18. Ng3 Qb6 (18... Nc5 $11) 19. Qg4 (19. Qxb6 $14 Nxb6 20. Nd4 Bxg2 21. Kxg2) 19... b4 20. h5 Bxf3 21. Bxf3 Ne5 $132 {[%mdl 2048] Black is fighting back} 22. Bxe5 $1 dxe5 23. g6 f5 24. gxh7+ Kh8 25. Qg6 Bf6 (25... Bc5 $11 26. Rf1 e4) 26. Rxd8 (26. Qf7 $16 {[%csl Gh7][%cal Rf7g8]} Kxh7 27. e3) 26... Rxd8 27. e4 ({Wrong is} 27. Qf7 $2 Nd6 $19) 27... f4 $1 {[%cal Rf4g3]} 28. Nf1 Qc7 ({Black should play} 28... Bh4 $15 29. Qg2 Qc5) 29. Kg2 Qe7 30. Nh2 Nd6 31. Rd1 Rf8 32. Rc1 Nb5 33. Ng4 Nd4 34. Nh2 Ra8 (34... Qd8 $11) 35. Rc4 $14 Rf8 36. Bd1 Nb5 (36... Qd7 $11) 37. Bf3 (37. Bg4 $16) 37... Ra8 (37... Nd4 $11 {remains equal.}) 38. Ng4 Nd4 {[#]} (38... Rf8 $14) 39. h6 ({White has to play} 39. Rxd4 $1 $16 {[%mdl 512]} exd4 40. e5 {[%mdl 64] Discovered Attack}) 39... Rf8 40. Nxf6 (40. Bd1 $14) 40... gxf6 $15 41. Rxb4 Qxh7 42. Qxh7+ Kxh7 $14 {[%mdl 4096] Endgame KRB-KRN} 43. Bd1 $1 {[#]} Rg8+ ({Black should try} 43... f3+ $1 $17 {[%mdl 512]} 44. Kf1 (44. Bxf3 Rg8+) 44... Kxh6) 44. Kf1 $11 Kxh6 45. a4 Rc8 46. Rb6 (46. a5 $11) 46... Rc1 47. Ke1 Rb1 48. a5 Kg5 {With the idea ...f3.} 49. a6 f3 50. Kd2 {aiming for Rb4.} Kf4 51. Rb4 Rb2+ 52. Kc3 $2 {[%mdl 8192]} (52. Ke1 $11 {and White is okay.} Ra2 53. Ra4 Rxa4 54. bxa4) 52... Ra2 $2 ({Better is} 52... Rxf2 $19 {White must now prevent ...Ra2.} 53. Bxf3 Kxf3) 53. Ra4 {The position is equal.} Rxf2 54. Kc4 $1 Nc6 {Threatens to win with ...Rd2.} 55. Kc5 Na7 {...Rd2 is the strong threat.} 56. Kb6 Rb2 57. Bxf3 $1 Rxb3+ 58. Kxa7 Kxf3 {KR-KR} 59. Ka8 f5 60. exf5 exf5 61. Ra5 Kf4 62. a7 e4 63. Rxf5+ Kxf5 {Accuracy: White = 41%, Black = 29%.} 1/2-1/2

[Event "1st Archibald 2019"]
[Site "Sochi"]
[Date "2019.05.17"]
[Round "7.15"]
[White "Gharagyozyan, Artur"]
[Black "Novikov, Evgenij"]
[Result "0-1"]
[WhiteElo "2321"]
[BlackElo "2148"]
[Annotator "TA"]
[PlyCount "77"]
[EventDate "2019.05.12"]
[EventType "swiss"]
[EventCountry "RUS"]
[SourceTitle "playchess.com"]
[Source "ChessBase"]
[SourceQuality "1"]

{[%evp 15,77,-6,0,-10,11,0,8,-6,0,-8,0,-4,-8,-11,0,-29,-9,-7,0,-23,-23,-43,-39,-30,-43,-87,-71,-88,-95,-86,-80,-125,-112,-239,-249,-560,-121,-93,-130,-102,-91,-104,0,0,29966,29967,2637,2648,5297,2635,2500,420,2301,2229,2229,1861,1854,1792,1792,1631,1490,1285,1422,1370]} 1. e4 c6 2. Nf3 d5 3. Nc3 Bg4 4. h3 Bxf3 5. Qxf3 e6 6. g3 Nf6 7. d3 Bb4 8. Bd2 d4 9. Nb1 $1 {B11: Caro-Kann: Two Knights Variation} Bxd2+ (9... Qb6 {keeps more tension.} 10. Bg2 Ba5 11. b3 O-O 12. O-O c5) (9... Qb6 10. Bg2 O-O 11. O-O a5 12. Bc1 a4 13. a3 Be7 14. Nd2 Nbd7 15. Qe2 Qc7 16. f4 b5 {0-1 (43) Andriasian,Z (2603)-Shimanov,A (2626) chess.com INT 2018}) 10. Nxd2 c5 11. Bg2 {The position is equal.} Nc6 12. O-O O-O 13. Qe2 e5 14. f4 Nd7 $146 ({Predecessor:} 14... b5 15. f5 Ne8 16. a4 a6 {½-½ (45) Tikhomirov,A (2231)-Pavlov,O (2178) Krasnoyarsk 2013}) 15. Nc4 Qe7 16. a4 b6 17. Kh2 a6 18. b3 b5 19. Nd2 Rfc8 20. h4 exf4 21. Rxf4 Nde5 22. Bh3 Rd8 23. Rf5 {[#]} c4 $1 {[%mdl 512]} 24. dxc4 (24. bxc4 $17 bxc4 25. Nxc4) 24... d3 $19 25. Qf2 $2 (25. cxd3 Nd4 26. Qg2) 25... bxc4 $2 (25... dxc2 $19 {has better winning chances.} 26. Rc1 Nb4) 26. Nxc4 $17 Nxc4 27. bxc4 dxc2 {And now ...Rd1 would win.} 28. Rf1 {[%cal Rf5f7]} Qa3 (28... Qxe4 29. Bg2 $16) ({Black should play} 28... f6 $17 {...Qb4 is the strong threat.} 29. Qxc2 Nd4 {[%mdl 64] Double Attack}) 29. Rxf7 $11 ({Avoid the trap} 29. Rg5 $2 Qb2 $19) 29... Ne5 $2 {[%mdl 8192] [#]} (29... Nd4 $11) 30. Rxg7+ $1 {[%mdl 512]} Kh8 (30... Kxg7 31. Qf6+) 31. Qf6 {[%csl Gf6][%cal Rg7g6]} Nf3+ 32. Kh1 (32. Rxf3 $142 Rd2+ 33. Bg2 Qxf3 34. Qxf3) 32... Qd6 $18 {[#]} 33. Rg8+ $1 {[%mdl 576] Decoy} Kxg8 34. Be6+ {White is clearly winning.} Qxe6 35. Qxe6+ Kh8 36. Qf6+ {[%mdl 64] Double Attack} Kg8 37. Qxf3 {White threatens Qf7+ and mate.} Rf8 38. Qg4+ Kh8 39. Rc1 {[%mdl 32768] Accuracy: White = 32%, Black = 54%. . Loss on time!?} 0-1

[Event "1st Archibald 2019"]
[Site "Sochi"]
[Date "2019.05.17"]
[Round "7.16"]
[White "Maltsevskaya, Aleksandra"]
[Black "Ufimtsev, Egor"]
[Result "1/2-1/2"]
[WhiteElo "2299"]
[BlackElo "2101"]
[Annotator "TA"]
[PlyCount "132"]
[EventDate "2019.05.12"]
[EventType "swiss"]
[EventCountry "RUS"]
[SourceTitle "playchess.com"]
[Source "ChessBase"]
[SourceQuality "1"]

{[%evp 10,132,52,53,55,39,42,34,49,18,23,-19,-14,-17,9,-24,0,0,0,0,124,111,122,122,124,114,130,122,134,135,129,124,135,64,67,64,63,7,109,47,36,31,43,39,46,41,48,41,41,50,32,45,36,21,32,0,8,0,0,0,0,0,0,0,0,0,0,0,0,0,0,0,0,-75,-20,-153,-158,-126,-27,-441,-444,-454,-446,-369,-443,-443,-412,-375,-368,-443,-435,-435,-435,-493,-509,-500,-466,-244,-241,-596,-483,-357,-99,-74,-10,-730,-722,-707,-707,-707,-605,-602,-588,-428,0,0,0,-576,0,-8,0,0,0,0,0]} 1. e4 c5 2. Nf3 e6 3. d4 cxd4 4. Nxd4 a6 5. Bd3 Qb6 6. Nb3 Nf6 {B42: Sicilian: Kan Variation: 5 Bd3} 7. Qe2 (7. Nc3 {looks sharper.} Qc7 8. O-O Bb4 9. Bd2 Nc6 10. f4) 7... Nc6 {[%cal Bb8c6,Bc6e5,Be5d3][%mdl 32]} 8. Nc3 Qc7 {White is slightly better.} (8... d6 9. g4 Qc7 10. g5 Nd7 11. h4 b5 12. Be3 Bb7 13. f4 Nc5 14. a3 Be7 15. h5 h6 16. gxh6 gxh6 {½-½ (39) Lopez Martinez,J (2552)-Kamsky,G (2661) Sitges 2016}) 9. Bd2 b5 10. O-O-O $146 ({Predecessor:} 10. a3 Bb7 11. f4 b4 12. axb4 Nxb4 13. Na5 Bc5 14. e5 Nfd5 15. Nxb7 Nxc3 {0-1 (31) Lacina,F (2029)-Lalic,B (2415) Prague 2018}) 10... Ne5 11. Rhe1 Bb7 12. Kb1 (12. Nd5 $5 {[%cal Rd5c7]} Nxd3+ 13. Qxd3 Bxd5 14. exd5 $11) 12... Nxd3 13. Qxd3 b4 14. Nd5 $1 {[%cal Rd5c7]} Nxd5 (14... exd5 $11 15. exd5+ Kd8) 15. exd5 $16 Be7 16. dxe6 dxe6 {[#]} 17. Bf4 $1 {[%cal Rf4c7][%mdl 576] Deflection} Qxf4 18. Qd7+ {[%mdl 64] Double Attack} Kf8 19. Qxb7 Qb8 20. Qf3 Kg8 21. Rd7 (21. Nd4 $16 Bf6 22. Nxe6 $1 {[%mdl 512]} fxe6 23. Rxe6) 21... Ra7 $14 22. Red1 g6 23. Qc6 (23. c4 $14) 23... Bf6 (23... Rxd7 $11 24. Rxd7 Bf6) 24. Rxa7 (24. Qd6 $16 Qxd6 25. R1xd6 (25. R7xd6 Kg7 $11) 25... Rxd7 26. Rxd7) 24... Qxa7 25. Nc5 $1 {And now Rd7 would win.} Be7 $1 26. Ne4 Kg7 27. a3 {aiming for Rd7.} ({Reject} 27. Rd7 Rd8 $11) 27... Qa8 28. Qxa8 $1 Rxa8 {[%mdl 4096] Endgame KRB-KRN} 29. Rd7 Kf8 $1 30. axb4 Bxb4 31. c3 Be7 32. b4 f5 33. Nc5 Bxc5 $1 34. bxc5 $11 {Strongly threatening c6. KR-KR} Rc8 35. Kc2 Rxc5 36. Rxh7 Ra5 37. Kd3 Ra2 38. Ke3 Rc2 39. Rc7 a5 40. h4 a4 41. f4 (41. Ra7 $11) 41... a3 (41... Rxg2 $17 42. Ra7 a3) 42. Kd3 (42. Kd4 $11 {keeps the balance.}) 42... Rxg2 $17 43. Ra7 Rg4 ({Better is} 43... Rf2 $17 44. Ke3 Ra2) 44. Ke3 $2 {[%mdl 8192]} (44. Kd4 $1 $11 {and White has nothing to worry.}) 44... Rxh4 $19 45. Rxa3 Ke7 46. Ra6 Rh3+ $1 47. Kd2 Rf3 48. Ra4 Kf6 49. Rd4 g5 50. fxg5+ Kxg5 51. c4 Rf4 52. Rd6 Kf6 53. Kd3 Ke5 54. Ra6 $2 (54. Rd7) 54... Rf3+ 55. Kd2 f4 $2 (55... Rh3 $19 56. c5 Rh1) 56. c5 $17 Re3 (56... Rb3 $17 57. c6 Rb8) 57. c6 $2 {[%mdl 8192]} (57. Ra4 $11) 57... Kd6 $19 58. Ra4 e5 59. Rc4 Kc7 60. Rc5 Re4 $1 61. Kd3 {[#]} Rd4+ $2 (61... Re1 $1 $19 {White must now prevent ...f3.} 62. Kd2 Re3) 62. Kc3 $1 $11 Re4 $2 {[%mdl 8192]} (62... f3 $11 63. Rxe5 Rg4) 63. Kd3 $19 {[#]} Re3+ $2 (63... Re1 $1 $19 {...f3 is the strong threat.} 64. Kd2 Re3) 64. Kd2 $11 {The position is equal.} e4 65. Rc4 $1 Rd3+ 66. Kc2 Re3 {Accuracy: White = 36%, Black = 54%.} 1/2-1/2

[Event "1st Archibald 2019"]
[Site "Sochi"]
[Date "2019.05.17"]
[Round "7.17"]
[White "Raja Harshit"]
[Black "Azimov, Ilyas"]
[Result "1-0"]
[WhiteElo "2446"]
[BlackElo "2223"]
[Annotator "TA"]
[PlyCount "113"]
[EventDate "2019.05.12"]
[EventType "swiss"]
[EventCountry "RUS"]
[SourceTitle "playchess.com"]
[Source "ChessBase"]
[SourceQuality "1"]

{[%evp 26,112,0,8,27,11,16,11,22,18,6,17,43,33,50,23,25,-18,-12,-6,-10,-21,0,0,0,-7,0,0,9,-8,12,-1,-8,-33,-19,-47,-40,-75,0,0,0,0,0,0,0,0,0,0,13,10,8,0,2,0,7,4,72,67,69,52,164,166,167,168,170,166,170,164,170,160,175,170,174,170,172,170,179,177,307,289,377,358,343,321,5223,4706,29989,29990,29999]} 1. e4 c5 2. Nf3 Nc6 3. d4 cxd4 4. Nxd4 Nf6 5. Nc3 e5 6. Ndb5 d6 7. Bg5 a6 8. Na3 b5 9. Nd5 Be7 10. Bxf6 Bxf6 11. c3 Rb8 12. Be2 Bg5 13. O-O O-O 14. Nc2 Kh8 {B33: Sicilian: Pelikan and Sveshnikov Variations} 15. a4 (15. Bg4 Bb7 16. Ncb4 Nxb4 17. cxb4 g6 18. a4 bxa4 19. Rxa4 Bc6 20. Be2 Bxa4 21. Qxa4 f5 22. exf5 Rxf5 {½-½ (30) Giri,A (2783)-Carlsen,M (2835) Wijk aan Zee 2019}) 15... bxa4 16. Ncb4 Nxb4 {The position is equal.} 17. cxb4 f5 $146 ({Predecessor:} 17... Bb7 18. Rxa4 Bc6 19. Rxa6 Bxd5 20. Qxd5 Rxb4 21. Rxd6 Qb8 22. Rd1 Rxb2 {½-½ (32) Meister,J (2385)-Dvoirys,S (2440) Barnaul 1988}) 18. exf5 Bxf5 19. Rxa4 Be4 20. Nc3 Ba8 21. Rxa6 d5 22. Rxa8 Rxa8 23. Qxd5 Qb6 24. Qc5 Qe6 25. Qd5 Qh6 26. b5 Rad8 27. Qc5 Rc8 28. Qb4 {[#]} Be3 $1 {[%mdl 512]} 29. Qe4 ({Much weaker is} 29. fxe3 Qxe3+ 30. Kh1 Rxf1+ 31. Bxf1 Qf2 $19) (29. Ne4 {is interesting.} Bb6 30. h3 Qg6 31. Bd3 Rfd8 32. Qb3) 29... Bd4 {[%mdl 1024] Black has compensation.} 30. Bf3 Qd2 31. Qe2 Qh6 (31... Qxe2 $17 32. Nxe2 Ba7) 32. Bc6 $11 Rcd8 {Hoping for ...Rxf2!} 33. Ne4 Bb6 34. h3 Rd4 35. Kh1 Qg6 36. Ra1 Qf5 37. Ra6 Rb8 38. Ra3 Qf4 39. Rc3 Rbd8 {( -> ...Rd1+)} 40. g3 Qh6 (40... Qf5 $11 41. Kg2 h6) 41. Kg2 Qe6 42. Qh5 $36 {[%mdl 2048] White is pushing.} g6 {[#]} ({Black should try} 42... Qg8 $14) 43. Qxh7+ $1 $18 {[%mdl 576] Decoy} Kxh7 44. Ng5+ {[%mdl 64] Double Attack} Kh6 45. Nxe6 Rd2 46. Nxd8 {Black must now prevent Nf7+.} Rxf2+ 47. Kh1 Rf1+ 48. Kh2 Rf2+ {[#]} 49. Bg2 $1 Bxd8 {[%mdl 4096] Endgame KRB-KRB} 50. b3 Rb2 51. h4 Bb6 (51... e4 $142 52. Kh3 Ba5) 52. Kh3 Bd4 53. Rc6 {aiming for Be4.} Rxb3 54. Be4 Bf2 $2 (54... Kg7 55. Rxg6+ Kh8) 55. Rxg6+ Kh5 56. Rg7 {[%cal Rg7h7]} Bxg3 57. Rh7# {Accuracy: White = 61%, Black = 30%.} 1-0

[Event "1st Archibald 2019"]
[Site "Sochi"]
[Date "2019.05.17"]
[Round "7.18"]
[White "Guseva, Marina"]
[Black "Khudyakov, Stanislav"]
[Result "1-0"]
[WhiteElo "2402"]
[BlackElo "2086"]
[Annotator "TA"]
[PlyCount "81"]
[EventDate "2019.05.12"]
[EventType "swiss"]
[EventCountry "RUS"]
[SourceTitle "playchess.com"]
[Source "ChessBase"]
[SourceQuality "1"]

{[%evp 14,81,35,18,43,20,49,49,57,61,77,19,21,2,19,0,2,0,0,3,12,8,54,12,25,17,98,92,105,126,119,107,97,105,417,418,403,419,408,403,552,549,545,535,624,627,672,668,668,655,660,643,616,613,995,981,961,854,5006,3362,29987,829,29989,29990,29990,29987,29997,29998,29998,29999]} 1. d4 e6 2. c4 f5 3. g3 Nf6 4. Bg2 d5 5. Nh3 c6 6. Qc2 Bd6 7. O-O O-O 8. Bf4 b6 {A90: Dutch Defence: Miscellaneous and Modern Stonewall (with ...Bd6)} (8... Be7 9. Rd1 Ne4 10. Nd2 Nd7 11. f3 Nxd2 12. Bxd2 Bf6 13. Bb4 Be7 14. Bxe7 Qxe7 15. Nf4 Nf6 16. Nd3 Bd7 {0-1 (66) Gelfand,B (2743)-Radjabov,T (2734) Beijing 2014}) 9. Rd1 Ba6 10. Nd2 Qe7 {White is slightly better.} 11. e3 $146 ({Predecessor:} 11. b3 Nbd7 12. Nf3 Rac8 13. Rac1 Ne4 14. Bxd6 Qxd6 15. Qb2 Qe7 16. Ne5 Bb7 17. b4 Nxe5 18. dxe5 {1-0 (56) Sorokina,A (2073)-Butneva,L (1883) St Petersburg 2008}) 11... Nbd7 12. Rac1 ({White should try} 12. cxd5 $16 {aiming for Bxd6.} cxd5 13. Qc6) 12... Bb4 $11 13. Bg5 Rfc8 14. b3 h6 15. Bxf6 $1 Nxf6 16. Nf4 Ba3 17. Rb1 c5 18. dxc5 Bxc5 19. Qb2 {Black should prevent Qe5.} Bd6 (19... g5 $1 $11 20. Ng6 Qg7) 20. cxd5 $16 e5 21. Ng6 $36 {[%mdl 2048] Black is under strong pressure.} Qe8 22. Nh4 g6 23. Rbc1 Nd7 $2 {[%mdl 8192]} (23... Bd3 $16) 24. Rc6 $18 Rxc6 25. dxc6 Nf8 26. Nc4 Bxc4 27. Rxd6 ({Weaker is} 27. bxc4 Qe7 $18) 27... Bf7 28. Nf3 e4 29. Ne5 Qe7 30. Nxf7 Kxf7 31. Qd2 b5 32. Bf1 a6 33. a4 Qe5 34. axb5 axb5 35. Rd5 Qa1 36. c7 Ne6 37. Rd8 (37. Rd7+ $142 Kf6 {[#]} 38. Qd6 $1 {[%mdl 512]} Qa3 39. Qxa3 {[%mdl 64] Overworked Piece} Rxa3 40. c8=Q Ra1 41. Qh8+ Kg5 42. Qxa1) 37... Ng5 38. Qd7+ {White mates.} Kf6 39. Qd6+ Kf7 40. Qf8+ {[%mdl 64] [#] Double Attack} Ke6 41. Rd6+ {Accuracy: White = 75%, Black = 33%.} 1-0

[Event "1st Archibald 2019"]
[Site "Sochi"]
[Date "2019.05.17"]
[Round "7.19"]
[White "Solozhenkina, Elizaveta"]
[Black "Zakaryan, David"]
[Result "1/2-1/2"]
[WhiteElo "2329"]
[BlackElo "2350"]
[Annotator "TA"]
[PlyCount "147"]
[EventDate "2019.05.12"]
[EventType "swiss"]
[EventCountry "RUS"]
[SourceTitle "playchess.com"]
[Source "ChessBase"]
[SourceQuality "1"]

{[%evp 19,147,16,31,32,33,3,83,69,90,61,93,83,78,77,78,57,87,91,97,93,92,97,117,77,70,57,85,35,71,0,158,166,152,151,190,129,150,133,188,175,202,197,250,251,252,252,252,248,322,322,322,322,322,322,322,322,322,314,314,280,314,270,226,314,314,306,268,285,249,187,187,187,187,187,187,187,187,187,187,187,187,187,187,187,187,187,187,187,187,187,187,187,187,187,187,187,187,187,187,187,187,187,187,187,187,0,187,187,187,187,187,187,187,187,187,187,187,74,74,8,8,8,8,8,8,8,8,8,8,-8]} 1. Nf3 c5 2. g3 Nc6 3. Bg2 e5 4. c4 Nge7 5. Nc3 g6 6. O-O Bg7 7. a3 O-O 8. Rb1 a5 9. Ne1 d6 10. Nc2 Be6 11. Ne3 {A37: Symmetrical English vs ...g6: 4 Bg2 Bg7 5 Nf3} f5 (11... Rb8 12. d3 Nd4 13. Ned5 Nxd5 14. cxd5 Bd7 15. a4 b5 16. e3 b4 17. Ne4 Nf5 18. b3 Bc8 19. Nd2 Ba6 20. Qc2 Nh6 21. Bb2 f5 {½-½ (44) Howell,D (2639)-Jones,G (2643) Torquay 2013}) 12. d3 g5 (12... Nd4 $11 {keeps the balance.}) 13. Ned5 $16 {White is better.} h6 14. Bd2 f4 15. b4 $146 ({Predecessor:} 15. Nxe7+ Qxe7 16. Nd5 Qf7 17. b4 axb4 18. axb4 Nd4 19. bxc5 Qh5 20. Nc3 {0-1 (44) Sazonov,A (1928)-Valeev,D (2160) Izhevsk 2011}) 15... axb4 16. axb4 cxb4 17. Nb5 {Ndc7 is the strong threat.} Bxd5 18. cxd5 Na7 19. Rxb4 Nxb5 20. Rxb5 Ra7 21. Qb3 Nf5 22. Bc3 (22. Rxb7 Nd4 $15) 22... Qc7 23. Be4 g4 24. Rb1 ({White should try} 24. Qc4 $16 Qxc4 25. dxc4) 24... f3 $2 (24... fxg3 $1 $11 25. hxg3 Nxg3 26. fxg3 Qf7 27. Rxb7 (27. Kh1 Qh5+ 28. Kg1 Qh3 $11) 27... Rxb7 28. Qxb7 Qf2+ {[%mdl 64] Double Attack} 29. Kh1 Qxg3) 25. exf3 gxf3 26. Rb4 Rf7 27. Qc4 (27. Rf1 $18) 27... Qd7 28. Qb5 $36 {[%mdl 2048] Keeping Black busy.} Qe7 (28... Qc8 $16) 29. Ra4 $18 ({But not} 29. Bxf3 $6 Nxg3 30. hxg3 Rxf3 $16) 29... Rxa4 30. Qxa4 Qg5 (30... Qd8 $142 31. Bxf3 Nxg3) 31. Qe8+ Bf8 32. Qe6 Kg7 33. Bxf3 Nxg3 34. hxg3 Rxf3 35. Rxb7+ Kh8 36. Rf7 Rxf7 37. Qxf7 Qg8 38. Qf6+ Qg7 39. Qe6 Kh7 40. Kh2 Qg6 {[#]} 41. Qxg6+ $1 Kxg6 {[%mdl 4096] Endgame KB-KB} 42. Kg2 Kf5 43. f3 h5 44. Kh3 Be7 45. Bd2 Bd8 46. g4+ Kg6 47. Bb4 Be7 48. Kg3 Kh6 49. Bc3 Kg6 50. d4 exd4 51. Bxd4 Bd8 52. Bc3 Be7 53. f4 hxg4 54. Kxg4 Bd8 55. Bb4 Be7 56. Ba3 Kf6 57. Bb2+ Kg6 58. f5+ Kf7 59. Ba3 Bf8 60. Bb4 Be7 61. Bc3 Bf8 62. Bb4 Be7 63. Kf4 Bf8 64. Ke4 Be7 65. Ba3 Bf8 66. Kf4 Be7 67. Bb2 Bf8 68. Kg5 (68. Bc3 $18 {is more deadly.}) 68... Be7+ $16 69. f6 (69. Kg4 $16) 69... Bd8 $11 {The position is equal.} 70. Kf5 Ba5 71. Ba3 Bc3 72. Bxd6 {[#] Threatens to win with Be7.} Bxf6 73. Bc5 {Black must now prevent d6.} Be7 74. Ke4 {Accuracy: White = 68%, Black = 60%.} 1/2-1/2

[Event "1st Archibald 2019"]
[Site "Sochi"]
[Date "2019.05.17"]
[Round "7.20"]
[White "Kazimov, Farhan"]
[Black "Kovalchuk, Alexey"]
[Result "1-0"]
[WhiteElo "2146"]
[BlackElo "2410"]
[Annotator "TA"]
[PlyCount "37"]
[EventDate "2019.05.12"]
[EventType "swiss"]
[EventCountry "RUS"]
[SourceTitle "playchess.com"]
[Source "ChessBase"]
[SourceQuality "1"]

{[%evp 13,37,0,28,11,29,30,35,17,46,37,56,0,0,0,0,0,0,5,54,50,64,63,437,500,587,545]} 1. e4 c5 2. Nf3 d6 3. d4 cxd4 4. Nxd4 Nf6 5. Nc3 a6 6. Bg5 Nbd7 7. f4 Qc7 8. Qf3 {B94: Sicilian Najdorf: 6 Bg5 Nbd7} h6 9. Bxf6 Nxf6 10. f5 {White is slightly better.} Qc5 11. O-O-O g5 12. e5 (12. fxg6 $14 Bg4 13. gxf7+ Kxf7 14. Qd3 Bxd1 15. Nxd1) 12... Qxe5 $11 13. g3 {[#]} Bg7 $146 ({Predecessor:} 13... g4 14. Qf2 h5 15. Kb1 Bh6 {1-0 (33) Gharamian,T (2650)-Navara,D (2722) Aix les Bains 2011}) 14. Bg2 Qc5 15. Rhe1 Qc7 16. Qe2 {[#] Strongly threatening Ndb5!} Kf8 17. Rd3 e5 $2 {[%mdl 8192]} ({Black should try} 17... Qd8 $1 $14) 18. fxe6 $18 fxe6 {[#]} 19. Qxe6 $1 {[%mdl 512] Accuracy: White = 65%, Black = 40%.} 1-0